000 01027nam a22003377a 4500
001 BR0502584
003 BR-BrBNA
005 20230928101910.0
007 ta
008 230509b bl.||||| |||| 00| 0 por d
040 _aBR-BrBNA
_bpor
_cBiblioteca Nacional de Agricultura
041 _a(Por)
072 _aF02
_b1126
_b3530
090 _ 1126 BR0502584
100 1 _aAlbert, L.H. de B.
110 1 _aUniversidade Federal de Lavras, MG (Brasil)
_0Tese (Doutorado)
245 1 _aAspectos morfo-anatômicos de mudas de abacaxizeiro "Smooth Cayene" micropropagadas
260 3 _aLavras, MG (Brasil):
_c2004.
300 _a54 p.
500 _aSummaries (Eng, Por); Bibliography p. 45-54; 10 illus.; 9 tables
650 _aABACAXI
650 _aCULTURA DE TECIDO
650 _aSUBSTRATO DE CULTURA
650 _aACLIMATAÇÃO
650 _aMICROPROPAGAÇÃO
650 _aCULTURA IN VITRO
650 _aANÁLISE FOLIAR
650 _aMORFOLOGIA VEGETAL
909 _a202309
_bLucia
_c55
_dLucia Elande
942 _cBK
999 _c68119
_d68119